<?xml version="1.0" encoding="UTF-8"?>
<collection xmlns="http://www.loc.gov/MARC21/slim">
<record>
  <controlfield tag="001">167475</controlfield>
  <controlfield tag="005">20260121151437.0</controlfield>
  <datafield tag="037" ind1=" " ind2=" ">
    <subfield code="a">TAZ-TFG-2025-368</subfield>
  </datafield>
  <datafield tag="041" ind1=" " ind2=" ">
    <subfield code="a">spa</subfield>
  </datafield>
  <datafield tag="100" ind1="1" ind2=" ">
    <subfield code="a">Puente Gistau, Belén</subfield>
  </datafield>
  <datafield tag="242" ind1="0" ind2="0">
    <subfield code="a">Nursing role in pain relief during minor procedures in pediatric patients: A systematic review</subfield>
  </datafield>
  <datafield tag="245" ind1="0" ind2="0">
    <subfield code="a">Papel de enfermería en el alivio del dolor durante procedimientos menores en pacientes pediátricos: una revisión bibliográfica</subfield>
  </datafield>
  <datafield tag="260" ind1=" " ind2=" ">
    <subfield code="a">Zaragoza</subfield>
    <subfield code="b">Universidad de Zaragoza</subfield>
    <subfield code="c">2025</subfield>
  </datafield>
  <datafield tag="506" ind1=" " ind2=" ">
    <subfield code="a">by-nc-sa</subfield>
    <subfield code="b">Creative Commons</subfield>
    <subfield code="c">3.0</subfield>
    <subfield code="u">http://creativecommons.org/licenses/by-nc-sa/3.0/</subfield>
  </datafield>
  <datafield tag="520" ind1=" " ind2=" ">
    <subfield code="a">Introducción: Los pacientes pediátricos perciben el dolor de igual manera que los adultos. En la atención hospitalaria los procedimientos menores con agujas son frecuentes y suelen generar malestar y estrés, lo que puede afectar a la adherencia terapéutica y al desarrollo de fobias. Pese a ello, el dolor no es abordado y tratado correctamente por parte de los profesionales sanitarios.&lt;br />Objetivos: Realizar una revisión bibliográfica que permita analizar el papel de enfermería en la aplicación de métodos para aliviar el dolor durante los procedimientos con agujas en pacientes pediátricos.&lt;br />Metodología: Se ha realizado una búsqueda entre los meses de diciembre de 2024 y enero de 2025 en las bases de datos Medline (Pubmed), Dialnet y Web of Science, mediante la utilización de DeCS y MeSH. Se han incluido artículos de los últimos 6 años, en español e inglés y con acceso de texto completo, seleccionándose 20 artículos.&lt;br />Desarrollo: Dentro de los métodos para el alivio del dolor pediátrico durante los procedimientos nos encontramos con dos tipos, las técnicas farmacológicas y las no farmacológicas. Mientras que las primeras presentan ciertas limitaciones en su aplicación, las no farmacológicas han resultado ser útiles y seguras en su utilización en niños reduciendo el dolor y la ansiedad. Entre las más eficaces&lt;br />encontramos la tetanalgesia, el contacto piel con piel o la distracción activa y pasiva, que serán elegidas basándose en la edad y preferencias del niño y sus padres.&lt;br />Conclusión: Se ha demostrado la relevancia del papel de enfermería en el uso de los métodos no farmacológicos. Por ellos, sería adecuado realizar protocolos, programas de formación y añadir contenidos formativos durante el grado con el fin de favorecer su utilización por parte del personal sanitario y lograr así un correcto abordaje del dolor pediátrico.&lt;br />Palabras claves: manejo del dolor, dolor asociado a procedimientos médicos, niño, vacunación, agujas.&lt;br />&lt;br /></subfield>
  </datafield>
  <datafield tag="521" ind1=" " ind2=" ">
    <subfield code="a">Graduado en Enfermería</subfield>
  </datafield>
  <datafield tag="540" ind1=" " ind2=" ">
    <subfield code="a">Derechos regulados por licencia Creative Commons</subfield>
  </datafield>
  <datafield tag="856" ind1="0" ind2=" ">
    <subfield code="f">845666@celes.unizar.es</subfield>
  </datafield>
  <datafield tag="856" ind1="4" ind2=" ">
    <subfield code="s">1782783</subfield>
    <subfield code="u">http://zaguan.unizar.es/record/167475/files/TAZ-TFG-2025-368.pdf</subfield>
    <subfield code="y">Memoria (spa)</subfield>
  </datafield>
  <datafield tag="909" ind1="C" ind2="O">
    <subfield code="o">oai:zaguan.unizar.es:167475</subfield>
    <subfield code="p">driver</subfield>
    <subfield code="p">trabajos-fin-grado</subfield>
  </datafield>
  <datafield tag="950" ind1=" " ind2=" ">
    <subfield code="a"></subfield>
  </datafield>
  <datafield tag="691" ind1=" " ind2=" ">
    <subfield code="a">3</subfield>
  </datafield>
  <datafield tag="692" ind1=" " ind2=" ">
    <subfield code="a">Este trabajo puede ayudar a promover la salud y el bienestar entre los pacientes pediátricos que se someten a procedimientos dolorosos menores.  </subfield>
  </datafield>
  <datafield tag="700" ind1=" " ind2=" ">
    <subfield code="a">Calvo Gascón, Ana Mª</subfield>
    <subfield code="e">dir.</subfield>
  </datafield>
  <datafield tag="710" ind1="2" ind2=" ">
    <subfield code="a">Universidad de Zaragoza</subfield>
    <subfield code="b">Fisiatría y Enfermería</subfield>
    <subfield code="c">Enfermería</subfield>
  </datafield>
  <datafield tag="980" ind1=" " ind2=" ">
    <subfield code="a">TAZ</subfield>
    <subfield code="b">TFG</subfield>
    <subfield code="c">ENFHUES</subfield>
  </datafield>
  <datafield tag="999" ind1=" " ind2=" ">
    <subfield code="a">20250407205813.CREATION_DATE</subfield>
  </datafield>
  <datafield tag="951" ind1=" " ind2=" ">
    <subfield code="a">deposita:2026-01-21</subfield>
  </datafield>
</record>
</collection>